000 00530nam a2200181Ia 4500
008 090123s9999 xx 000 0 und d
082 _b3547
_a891.463/शेळके
100 _aशेळके उध्दव ज.
245 _aफटका
250 _a1
260 _bरम्चकथा ग्रंथमाला
_c1974
300 _a84
600 _aशेळके उध्दव ज.
630 _aफटका
700 _aशेळके उध्दव ज.
730 _aफटका
942 _cBOOK
999 _c41627
_d41627